| 000 | 03007nam0a22004571 4500 | ||
|---|---|---|---|
| 001 | RU\NLR\BIBL_A\011777964 | ||
| 005 | 20260408063710.0 | ||
| 035 | _a(NLR Aleph) 011777964 | ||
| 090 |
_a11760898 _c11760898 |
||
| 100 | _a20180827d1817 |||y0rusy50 ca | ||
| 101 | 0 | _arus | |
| 102 | _aRU | ||
| 135 | _acrcn 024anaba | ||
| 140 | _ay y aa mayaa0000 | ||
| 200 | 1 |
_aСлово в день Сретения Господня, _fговоренное в Святотроицкой Александроневской лавре Санктпетербургской семинарии инспектором, Александро-Невскаго уезднаго училища ректором, иеромонахом Поликарпом |
|
| 210 |
_aСанктпетербург _cв типографии Н. Греча _d1817 |
||
| 215 |
_a16 с. _d8° |
||
| 300 | _aЦенз.: архимандрит Иннокентий, 15 мая 1817 г. | ||
| 316 |
_aЭкз. РНБ (18.94.4.242) в обл. из серо-голубой бумаги. На 1-й с. обл. ярлык с шифром РНБ, чернильные пятна и рукоп. техн. пометы. На 2-й с. обл. два пустых ярлыка. На тит. л. круглый штамп ГПБ и круглый штамп ИБ в венке с короной. На с.15 (2 шт.) и 16 круглый штамп ГПБ. Имеются потеки на обл. Размер: 22,5х14,5х0,2 см _5NLR: 18.94.4.242 |
||
| 321 | 1 | _aСК 1801-1825 6711 | |
| 325 | _aКопия доступна в Электрон. б-ке РНБ | ||
| 620 | _dСанкт-Петербург | ||
| 700 | 0 |
_8rus _7ca _aПоликарп _cГойтанников, Петр Ефимович _cархимандрит _f1787-1837 _3RU\NLR\AUTH\7792559 _975486 |
|
| 702 | 0 |
_4190 _8rus _7ca _aИннокентий _cСмирнов, Илларион Дмитриевич _cепископ _f1784-1819 _3RU\NLR\AUTH\7710299 _9120078 |
|
| 702 | 1 |
_4610 _8rus _7ca _aГреч _bН. И. _f1787-1867 _gНиколай Иванович _3RU\NLR\AUTH\7759985 _942916 |
|
| 712 | 0 | 0 |
_4610 _aГреч, _gН. И., _hтипография _cПетербург _3RU\NLR\AUTH\8810035694 _9569815 |
| 790 | 1 |
_6z01700 _aГойтанников _bП.Е. _gПетр Ефимович |
|
| 852 |
_aNLR _j18.94.4.242 |
||
| 942 | _cBOOK | ||
| 980 | _aNB | ||
| 980 | 3 | _akpcivil2021 | |
| 980 | 3 | _akp2021 | |
| 980 | 3 | _akp | |
| 980 | _aA1XIXv | ||
| 981 | 2 | 2 |
_a(22) Материалы по истории России _b(22) Религиозные конфессии |
| 981 | 2 | 0 |
_a(20) Книжные памятники РНБ _b(20) Русский книжный фонд |